| 000 | 00408nam a22001577a 4500 | ||
|---|---|---|---|
| 999 |
_c8650 _d8650 |
||
| 003 | OSt | ||
| 008 | 200610b ||||| |||| 00| 0 eng d | ||
| 020 | _a9788180613449 | ||
| 100 | _aLalita D Hiremath DA Hiremath | ||
| 245 | _aEssentials Of Community Medicine A Practical Approach | ||
| 250 | _a2nd | ||
| 260 |
_aNew Delhi _bJoy Pee _c2012 |
||
| 300 | _a456 | ||
| 650 | _aClinical Pharmacy | ||
| 942 |
_2ddc _cBK |
||